000
00306nam a22001217a 4500
082
_a
425
_b
JOH/E
100
_a
JOHN, THOMAS
245
_a
ENGLISH GRAMMAR &COMPOSITION CAPSULE
260
_a
TRIVANDRUM
_b
NEW JYOTHI PUBLICATIONS
300
_a
384
650
_a
ENGLISH GRAMMAR& COMPOSITION
_z
KERALA
942
_c
BK
999
_c
4063
_d
4063